| 000 | 00443nam a2200145Ia 4500 | ||
|---|---|---|---|
| 008 | 210716s2004 xx 000 0 und d | ||
| 020 | _a0563487658 | ||
| 041 | _aeng | ||
| 082 | _a658.4063 BEEC | ||
| 100 | _aBeechy, colclough, Josephine. | ||
| 245 |
_aGet up and do it: essential steps to achieve your goals. _bessential steps to achieve your goals. |
||
| 260 |
_aLondon _bB B C BOOKs _c2004 |
||
| 300 | _a175 | ||
| 650 | _aGeneral Management | ||
| 999 |
_c199184 _d199184 |
||